Lexicon: verba maxime inusitata ac praecipuae locutiones
Guardat en:
| Format: | Llibre |
|---|---|
| Idioma: | llatí |
| Publicat: |
s.n
1978
|
| Matèries: | |
| Etiquetes: |
Afegir etiqueta
Sense etiquetes, Sigues el primer a etiquetar aquest registre!
|
MARC
| LEADER | 00000nam a2200000 a 4500 | ||
|---|---|---|---|
| 001 | UCY5092 | ||
| 003 | CL-VaPUC | ||
| 008 | 950411e19780000IT |||||||||||||||||lat|d | ||
| 082 | 0 | 4 | |a 103 |b LEX |2 21 |
| 245 | 1 | 0 | |a Lexicon: verba maxime inusitata ac praecipuae locutiones |
| 300 | |a v | ||
| 942 | |c BK | ||
| 945 | |d 19950411 00:00:00 |a rbrito | ||
| 260 | |b s.n |c 1978 | ||
| 650 | 0 | |a Filosofía |9 223554 | |
| 650 | 0 | |a Diccionarios |9 256200 | |
| 583 | |a last modification |c 20120823 11:17:15 |k Rodrigo Vera | ||
| 999 | |c 232815 |d 232813 | ||
| 952 | |0 0 |1 0 |4 0 |6 103_000000000000000_LEX_1978 |7 0 |8 X |9 237718 |a BIBEDU |b BIBEDU |d 2019-11-15 |i 3076180 |o 103 LEX 1978 |p 3076180 |r 2023-01-13 |w 2019-11-15 |y BK_X |k FIL | ||